Name the Animal #3 - Statistics

General Stats
  • This quiz has been taken 36 times
  • The average score is 8 of 16
Answer Stats
Picture Answer % Correct
Mountain Gorilla
100%
Basking Shark
77%
Golden Poison Frog
68%
Chinese Alligator
58%
Mbu Puffer
58%
Kakapo
55%
Giant Isopod
48%
Marine Iguana
48%
Eurasian Eagle-Owl
45%
Pallas's Cat
45%
Takin
35%
Tarantula Hawk
32%
Solomon Islands Skink
26%
Velvet Worm
26%
Beaked Caecilian
23%
Northern Lapwing
19%
No matching quizzes found
Score Distribution
Percent of People with Each Score
Percentile by Number Answered
Your Score History
You have not taken this quiz